Televize pro prohlídky kanalizačních stok

Bibliographic Details
Main Author: Hampel, Jiří (Author)
Format: Article
Language:Czech

MARC

LEADER 00000nab a2200000uu 4500
001 vtls011147414
003 SK-MaSNL
005 20260303112025.0
008 230121|1980 xo |||||||||||||||||cze|
015 |a SNBRB 
035 |a (urnnbn)urn:nbn:sk:snk:ar-a09vn5 
035 |a (uuid)e59bc07e-73e0-4994-8d63-fdc66fe7369c 
035 |a urn:nbn:sk:snk-abaxrb 
040 |a SNKBUCL  |b slo  |c SNKBUCL  |e AACR2 
041 0 |a cze 
044 |a xo  |c SK 
100 1 |a Hampel, Jiří  |4 aut  |9 1125109 
245 1 0 |a Televize pro prohlídky kanalizačních stok  |c Jiří Hampel 
773 0 |t Vodohospodársky spravodajca  |g Roč. 23, č. 9 (1980), s. [420]-422 
958 |a OND 
958 |a EUIPO 
958 |a article14 
999 |c 1881069  |d 1882999